000 00422nam a2200169Ia 4500
008 131103s9999 xx 000 0 und d
040 _aLoreto College
041 _aEnglish
082 _aREF/SIL
_bLCBED/7319
245 _aEducation
260 _aWashington
_bEducational
_c1966
300 _a64p.
_b pic.
_c 26cm.
440 _aMan Through His Art; Vol 4
650 _aEducation
850 _aLCBED/REF
942 _cBK
999 _c31105
_d81584